Classification procedures : profile similarity /

Bibliographic Details
Main Author: Tatsuoka, Maurice M.
Format: Book
Language:English
Published: Champaign, Ill. : Institute for Personality and Ability Testing, [1974]
Series:Tatsuoka, Maurice M. Selected topics in advanced statistics ; no. 3.
Subjects:

MARC

Tag First Indicator Second Indicator Subfields
LEADER 00000cam a2200000 a 4500
001 in00000070953
005 20151008062001.0
008 760212s1974 ilu b 00010 eng d
035 |a (OCoLC)01987429 
035 |9 AAJ9272AM 
040 |a NHM  |c NHM  |d m.c.  |d TXA  |d UtOrBLW 
049 |a TXAM  |c [A08936650] 
090 |a QA278.65  |b .T38 
100 1 |a Tatsuoka, Maurice M. 
245 1 0 |a Classification procedures :  |b profile similarity /  |c by Maurice M. Tatsuoka. 
264 1 |a Champaign, Ill. :  |b Institute for Personality and Ability Testing,  |c [1974] 
264 4 |c ©1974 
300 |a iii, 47 pages ;  |c 22 cm. 
336 |a text  |b txt  |2 rdacontent 
337 |a unmediated  |b n  |2 rdamedia 
338 |a volume  |b nc  |2 rdacarrier 
490 1 |a Selected topics in advanced statistics: an elementary approach ;  |v no. 3 
504 |a Bibliography: page 47. 
650 0 |a Discriminant analysis. 
650 0 |a Categorization (Psychology) 
650 0 |a Mathematical statistics. 
800 1 |a Tatsuoka, Maurice M.  |t Selected topics in advanced statistics ;  |v no. 3. 
999 |a MARS 
999 f f |s 57fc36ed-2893-3010-89cf-87b91161f86d  |i 5bf61751-2b77-3474-872f-25b5588f71e6  |t 0 
952 f f |p normal  |a Texas A&M University  |b College Station  |c Sterling C. Evans Library  |d Evans: Library Stacks  |t 0  |e QA278.65 .T38  |h Library of Congress classification  |i unmediated -- volume  |m A14808936650 
998 f f |a QA278.65 .T38  |t 0  |l Evans: Library Stacks